| 000 | 00468nam a22001817a 4500 | ||
|---|---|---|---|
| 999 |
_c8220 _d8220 |
||
| 003 | GBCCL | ||
| 005 | 20241126110645.0 | ||
| 008 | 190723b ||||| |||| 00| 0 eng d | ||
| 040 | _cgbc | ||
| 082 |
_a248.32 _bHAL |
||
| 100 |
_aHall, T D _914308 |
||
| 245 | _aPraying down revival | ||
| 260 |
_aEuless, Tex. : _bSuccessful Christian Living Ministries, _c©1976. |
||
| 300 | _a77 pages | ||
| 650 |
_aPrayer. _9332 |
||
| 650 |
_aRevivals. _9344 |
||
| 942 |
_2ddc _cBK _01 |
||